[Event "SVK-chT2D 1819"]
[Site "Slovakia"]
[Date "2019.02.03"]
[Round "7.4"]
[White "Csala, Jan"]
[Black "Kostelnik, Peter"]
[Result "1/2-1/2"]
[WhiteElo "2113"]
[BlackElo "1968"]
[PlyCount "102"]
[EventDate "2018.10.13"]
[EventType "team-tourn"]
[EventRounds "11"]
[EventCountry "SVK"]
[SourceTitle "CBM 189 Extra"]
[Source "ChessBase"]
[SourceDate "2019.06.03"]
[SourceVersion "1"]
[SourceVersionDate "2019.06.03"]
[SourceQuality "1"]
[WhiteTeam "Moldava nad Bodvou"]
[BlackTeam "Kosice Slavia TU IV"]
[WhiteTeamCountry "SVK"]
[BlackTeamCountry "SVK"]

1. d4 Nf6 2. Nf3 g6 3. c4 d6 4. Nc3 Bg7 5. e4 0-0 6. Be2 Nc6 7. 0-0 e5 8. d5 Ne7 9. Ne1 Nd7 10. Nd3 f5 11. f3 f4 12. g4 a5 13. Bd2 c5 14. Be1 g5 15. a3 Nb6 16. b3 Bd7 17. Nb2 Be8 18. Nb5 h5 19. h3 hxg4 20. hxg4 Rf6 21. Bc3 Rh6 22. Qd2 Bxb5 23. cxb5 Nbc8 24. Kg2 Ng6 25. Nc4 b6 26. Rh1 Rxh1 27. Rxh1 Nh4+ 28. Kf2 Ra7 29. Nb2 Bf6 30. Qe1 Rh7 31. Qf1 Qc7 32. Ke1 Bd8 33. Kd2 Ne7 34. Kc2 Neg6 35. Kb1 Nf8 36. Ka2 Qa7 37. Bd1 Nfg6 38. Nc4 Bc7 39. Kb1 Re7 40. Rh2 Re8 41. Ra2 Ra8 42. Qe2 Kf8 43. b4 axb4 44. axb4 Qxa2+ 45. Qxa2 Rxa2 46. Kxa2 cxb4 47. Bxb4 Ke7 48. Be1 Nf8 49. Bf2 Nd7 50. Be2 Ng6 51. Nb2 Ngf8 1/2-1/2

[Event "SVK-chT2D 1314"]
[Site "Slovakia"]
[Date "2014.03.16"]
[Round "11.5"]
[White "Kostelnik, Peter"]
[Black "Sepesi, Samuel"]
[Result "0-1"]
[WhiteElo "2002"]
[BlackElo "1978"]
[PlyCount "122"]
[EventDate "2013.10.19"]
[EventType "team-tourn"]
[EventRounds "11"]
[EventCountry "SVK"]
[SourceTitle "EXT 2015"]
[Source "ChessBase"]
[SourceDate "2014.11.20"]
[SourceVersion "1"]
[SourceVersionDate "2014.11.20"]
[SourceQuality "1"]
[WhiteTeam "Kosice Slavia TU IV"]
[BlackTeam "Kosice Tahanovce"]
[WhiteTeamCountry "SVK"]
[BlackTeamCountry "SVK"]

1. d4 Nf6 2. c4 e5 3. dxe5 Ng4 4. Nf3 Bc5 5. e3 Nc6 6. Bd2 0-0 7. Be2 a5 8. a4 Ngxe5 9. Nxe5 Nxe5 10. Bc3 Re8 11. 0-0 Ra6 12. Qd5 Qe7 13. Qxe5 Qxe5 14. Bxe5 Rxe5 15. Nd2 Rb6 16. Rab1 d6 17. Bd3 Bd7 18. Bc2 Rb4 19. b3 Bc6 20. Rfd1 f5 21. Nf3 Bxf3 22. gxf3 f4 23. e4 Rg5+ 24. Kf1 Rh5 25. Ke2 Rxh2 26. Rf1 Bd4 27. Rbd1 c5 28. Rd2 Rb6 29. Bd1 Rc6 30. Rc2 Kf7 31. Ke1 Kf6 32. Rg1 Rc7 33. Kf1 Re7 34. Rg2 Rh1+ 35. Rg1 Rxg1+ 36. Kxg1 Re5 37. Kg2 Rh5 38. Rd2 Ke5 39. Bc2 g5 40. Bd1 Rh4 41. Be2 h5 42. Bd1 g4 43. Be2 Kf6 44. Rd1 Kg5 45. Rf1 Be5 46. Bd1 g3 47. fxg3 fxg3 48. Rh1 Rxh1 49. Kxh1 Kf4 50. Kg2 h4 51. Be2 Ke3 52. Bf1 Bf4 53. Kh3 Kf2 54. Bg2 b6 55. Bh1 Be5 56. f4 Bxf4 57. Bg2 Be5 58. Bh1 Ke2 59. Kxh4 Kd2 60. Bf3 Kc2 61. Kh3 Kxb3 0-1

[Event "SVK-chT2D 1213"]
[Site "Slovakia"]
[Date "2013.02.03"]
[Round "7.3"]
[White "Rajnak, Daniel"]
[Black "Kostelnik, Peter"]
[Result "1-0"]
[WhiteElo "2170"]
[BlackElo "2009"]
[PlyCount "119"]
[EventDate "2012.10.13"]
[EventType "team-tourn"]
[EventRounds "11"]
[EventCountry "SVK"]
[SourceTitle "EXT 2015"]
[Source "ChessBase"]
[SourceDate "2014.11.20"]
[SourceVersion "1"]
[SourceVersionDate "2014.11.20"]
[SourceQuality "1"]
[WhiteTeam "Humenne"]
[BlackTeam "Kosice Slavia TU IV"]
[WhiteTeamCountry "SVK"]
[BlackTeamCountry "SVK"]

1. d4 d5 2. Nf3 Nf6 3. c4 e6 4. e3 c5 5. Nc3 Nc6 6. dxc5 Bxc5 7. cxd5 exd5 8. Be2 0-0 9. a3 a5 10. Nb5 Be6 11. b3 Ne4 12. Bb2 Qe7 13. 0-0 Rfd8 14. Nbd4 Nxd4 15. Nxd4 Rac8 16. Qd3 Nd6 17. Rfd1 Rc7 18. Bf3 Rcd7 19. Qc3 Bxd4 20. Qxd4 Nf5 21. Qa4 Qg5 22. g3 h5 23. h4 Qg6 24. Qf4 Nh6 25. Rd2 Bg4 26. Bg2 Qf5 27. Qxf5 Bxf5 28. Rc1 Be6 29. Bd4 Nf5 30. Rc5 Nxd4 31. Rxd4 b6 32. Rc6 Rb8 33. Kf1 Kf8 34. Ke2 Ke7 35. Kd2 Rbb7 36. Ke2 Rdc7 37. Rxc7+ Rxc7 38. Bxd5 Bxd5 39. Rxd5 g6 40. Kd2 Rc6 41. e4 a4 42. b4 Rc4 43. f3 f6 44. Rd3 Rc6 45. Rc3 Rd6+ 46. Ke2 Ke6 47. Rc8 f5 48. Re8+ Kd7 49. Ra8 fxe4 50. fxe4 Kc6 51. Rxa4 Kb5 52. Ra8 Kc4 53. Ke3 Rd3+ 54. Kf4 Rd4 55. Rc8+ Kd3 56. Re8 Kc4 57. Re6 Rd3 58. Rxb6 Rxa3 59. Rxg6 Kxb4 60. Rg5 1-0

[Event "SVK-chT2D 10/11"]
[Site "Slovakia"]
[Date "2011.03.27"]
[Round "11.2"]
[White "Mrva, Vladimir"]
[Black "Kostelnik, Peter"]
[Result "1/2-1/2"]
[WhiteElo "2130"]
[BlackElo "2023"]
[PlyCount "92"]
[EventDate "2010.10.23"]
[EventType "team-tourn"]
[EventRounds "11"]
[EventCountry "SVK"]
[SourceTitle "EXT 2019"]
[Source "ChessBase"]
[SourceDate "2018.10.10"]
[SourceVersion "1"]
[SourceVersionDate "2018.10.10"]
[SourceQuality "1"]
[WhiteTeam "Sabinov II"]
[BlackTeam "Kosice Slavia TU V"]
[WhiteTeamCountry "SVK"]
[BlackTeamCountry "SVK"]

1. e4 e6 2. d4 d5 3. exd5 exd5 4. Bd3 Bd6 5. Ne2 Ne7 6. Ng3 h6 7. 0-0 Be6 8. Re1 Qd7 9. c3 Nbc6 10. Nd2 0-0 11. Ndf1 Nf5 12. Nxf5 Bxf5 13. Bxf5 Qxf5 14. Ne3 Qd7 15. Nxd5 Bxh2+ 16. Kxh2 Qxd5 17. Bf4 Rac8 18. Re3 Qf5 19. Rf3 Ne7 20. Kg1 Qd7 21. Qd2 Qc6 22. Qd3 Ng6 23. Bg3 Rfd8 24. Re1 Qd7 25. Qf5 Qxf5 26. Rxf5 c6 27. Rf3 f6 28. Rfe3 Kf7 29. Kf1 Re8 30. Rxe8 Rxe8 31. Rxe8 Kxe8 32. Ke2 Kd7 33. Kd3 Ne7 34. c4 Ke6 35. Bb8 a6 36. Ba7 f5 37. Bc5 Ng8 38. Bf8 g5 39. f3 h5 40. Bg7 h4 41. Ke3 Ne7 42. Be5 Ng6 43. Bb8 Nh8 44. b3 Nf7 45. Bc7 Kd7 46. Bb8 Ke6 1/2-1/2

[Event "SVK-chT2D 10/11"]
[Site "Slovakia"]
[Date "2011.03.05"]
[Round "8.6"]
[White "Mnich, Jozef"]
[Black "Kostelnik, Peter"]
[Result "1/2-1/2"]
[WhiteElo "1975"]
[BlackElo "2023"]
[PlyCount "68"]
[EventDate "2010.10.23"]
[EventType "team-tourn"]
[EventRounds "11"]
[EventCountry "SVK"]
[SourceTitle "EXT 2019"]
[Source "ChessBase"]
[SourceDate "2018.10.10"]
[SourceVersion "1"]
[SourceVersionDate "2018.10.10"]
[SourceQuality "1"]
[WhiteTeam "Presov Tatran"]
[BlackTeam "Kosice Slavia TU V"]
[WhiteTeamCountry "SVK"]
[BlackTeamCountry "SVK"]

1. e4 e6 2. d4 d5 3. exd5 exd5 4. Nf3 Bd6 5. Bd3 Ne7 6. Bg5 f6 7. Bh4 0-0 8. Nbd2 Bf5 9. Bxf5 Nxf5 10. 0-0 c6 11. c4 Bf4 12. c5 Qc7 13. Bg3 Nxg3 14. hxg3 Bxd2 15. Qxd2 Re8 16. Rfe1 Nd7 17. Re2 Rxe2 18. Qxe2 Nf8 19. Re1 Kf7 20. Nh4 Qd7 21. Kf1 g6 22. Nf3 Re8 23. Qd2 Rxe1+ 24. Qxe1 Qc7 25. b4 Qe7 26. Qxe7+ Kxe7 27. Ke2 Ne6 28. a4 a6 29. Kd3 Kd7 30. Nh2 Ng5 31. f3 h5 32. Nf1 Ne6 33. Ne3 Nc7 34. Nd1 Ke6 1/2-1/2

[Event "SVK-chT1E 1011"]
[Site "Slovakia"]
[Date "2010.12.11"]
[Round "3.6"]
[White "Fiacan, Robert"]
[Black "Kostelnik, Peter"]
[Result "0-1"]
[WhiteElo "2150"]
[BlackElo "2023"]
[PlyCount "52"]
[EventDate "2010.11.06"]
[EventType "team-tourn"]
[EventRounds "11"]
[EventCountry "SVK"]
[SourceTitle "EXT 2012"]
[Source "ChessBase"]
[SourceDate "2011.11.24"]
[SourceVersion "1"]
[SourceVersionDate "2011.11.24"]
[SourceQuality "1"]
[WhiteTeam "Liptov Magic"]
[BlackTeam "Kosice Slavia"]
[WhiteTeamCountry "SVK"]
[BlackTeamCountry "SVK"]

1. e4 e6 2. d4 d5 3. e5 c5 4. c3 Nc6 5. Be3 Qb6 6. Qd2 Bd7 7. dxc5 Bxc5 8. Bxc5 Qxc5 9. Nf3 f6 10. exf6 Nxf6 11. b4 Qb6 12. Bd3 a6 13. 0-0 0-0 14. Qg5 Rae8 15. a4 e5 16. b5 axb5 17. axb5 e4 18. bxc6 bxc6 19. Ra6 Qc5 20. Qd2 exf3 21. gxf3 Bh3 22. Rc1 Nh5 23. c4 Nf4 24. Bf1 Bxf1 25. Ra5 Qe7 26. Kxf1 Qg5 0-1

[Event "SVK-chT2D 0809"]
[Site "Slovakia"]
[Date "2008.10.12"]
[Round "2.5"]
[White "Kostelnik, Peter"]
[Black "Fedor, Stefan"]
[Result "1-0"]
[WhiteElo "2027"]
[BlackElo "1778"]
[PlyCount "53"]
[EventDate "2008.10.11"]
[EventType "team-tourn"]
[EventRounds "11"]
[EventCountry "SVK"]
[SourceTitle "EXT 2010"]
[Source "ChessBase"]
[SourceDate "2010.11.25"]
[SourceVersion "1"]
[SourceVersionDate "2010.11.25"]
[SourceQuality "1"]
[WhiteTeam "Kosice Akademik"]
[BlackTeam "Hranovnica"]
[WhiteTeamCountry "SVK"]
[BlackTeamCountry "SVK"]

1. d4 d5 2. c4 c6 3. Nf3 Nf6 4. Nc3 e6 5. e3 Bd6 6. Bd3 0-0 7. 0-0 Qc7 8. h3 Re8 9. e4 dxe4 10. Nxe4 Nxe4 11. Bxe4 Nd7 12. Bc2 Bf4 13. Qd3 g6 14. Be3 e5 15. Bxf4 exf4 16. Rfe1 Nf6 17. Qc3 Be6 18. d5 Nxd5 19. cxd5 Bxd5 20. Red1 Qb6 21. Ne5 Be6 22. Bb3 Qb5 23. Nd7 Re7 24. Nf6+ Kf8 25. Nxh7+ Kg8 26. Nf6+ Kf8 27. Nd5 1-0

[Event "SVK-chT2D 0506"]
[Site "Slovakia"]
[Date "2005.12.17"]
[Round "5.6"]
[White "Kostelnik, Peter"]
[Black "Kluka, Vojtech"]
[Result "1/2-1/2"]
[WhiteElo "2103"]
[BlackElo "1864"]
[PlyCount "133"]
[EventDate "2005.10.22"]
[EventType "team-tourn"]
[EventRounds "11"]
[EventCountry "SVK"]
[SourceTitle "EXT 2009"]
[Source "ChessBase"]
[SourceDate "2008.11.26"]
[SourceVersion "1"]
[SourceVersionDate "2008.11.26"]
[SourceQuality "1"]

1. d4 d5 2. c4 c6 3. Nf3 e6 4. Nc3 dxc4 5. a4 Bb4 6. Bd2 Nf6 7. e3 Bxc3 8. Bxc3 Qd5 9. a5 Ne4 10. Qa4 Qb5 11. Bxc4 Qxa4 12. Rxa4 0-0 13. Bb4 Rd8 14. Bd3 Nd6 15. Ne5 Nb5 16. Be7 Re8 17. Bh4 Na6 18. 0-0 f6 19. Nf3 Bd7 20. Raa1 Nb4 21. Bc4 Kf7 22. Nd2 Nd6 23. Bb3 Rec8 24. Bg3 Nb5 25. Ne4 b6 26. Bc4 f5 27. Ng5+ Kf6 28. Bh4 h6 29. Ne4+ Kg6 30. Nd2 Nd6 31. Bb3 c5 32. Be7 Ne4 33. Nxe4 fxe4 34. axb6 axb6 35. Rxa8 Rxa8 36. dxc5 bxc5 37. Bxc5 Nd3 38. Ba3 Nxb2 39. Bxb2 Rb8 40. Bc2 Rxb2 41. Bxe4+ Kf6 42. Rd1 Ba4 43. Rb1 Ra2 44. g3 Ke5 45. Bf3 Bc2 46. Rb5+ Kf6 47. h4 Bd3 48. Rb6 Ke5 49. h5 Ra1+ 50. Kg2 Bf1+ 51. Kh2 Ra2 52. Kg1 Ra1 53. Kh2 Ra2 54. Bg4 Rxf2+ 55. Kg1 Rf6 56. Rxe6+ Rxe6 57. Bxe6 Kxe6 58. Kxf1 Kf5 59. Ke2 Kg4 60. e4 Kxh5 61. Kf3 Kg6 62. g4 Kf6 63. Kf4 g6 64. Kf3 Ke5 65. Ke3 h5 66. gxh5 gxh5 67. Kf3 1/2-1/2